The good news of the Bible : (Record no. 143063)
[ view plain ]
| 000 -LEADER | |
|---|---|
| fixed length control field | 00653nam a22001817a 4500 |
| 005 - DATE AND TIME OF LATEST TRANSACTION | |
| control field | 20170802144215.0 |
| 010 ## - LCCN (DPL NO) | |
| LC control number | ENG-119514 |
| 020 ## - INTERNATIONAL STANDARD BOOK NUMBER | |
| Terms of availability | 400.00 |
| International Standard Book Number | 9788184654462 |
| 035 ## - SYSTEM CONTROL NUMBER | |
| System control number | EN-103046 |
| 037 ## - SOURCE OF ACQUISITION | |
| Source of stock number/acquisition | DBAD/PUB |
| 082 ## - DEWEY DECIMAL CLASSIFICATION NUMBER | |
| Classification number | 280.21 |
| 100 ## - MAIN ENTRY--PERSONAL NAME | |
| Personal name | Rupwate,Daniel D. |
| 245 ## - TITLE STATEMENT | |
| Title | The good news of the Bible : |
| Statement of responsibility, etc | by Daniel D. Rupwate |
| Remainder of title | twenty-seven textual sermons on the gospel of and about Jesus Christ / |
| 260 ## - PUBLICATION, DISTRIBUTION, ETC. (IMPRINT) | |
| Place of publication, distribution, etc | Delhi |
| Name of publisher, distributor, etc | The Indian Society for Promoting Christian Knowlewdge(ISPCK)) |
| Date of publication, distribution, etc | 2014 |
| 270 ## - ADDRESS | |
| Address | 1585,1654 Madarsa Road Kashmere Gate |
| City | Delhi |
| Postal code | 110006 |
| 300 ## - PHYSICAL DESCRIPTION | |
| Extent | xii,324p. |
| Dimensions | 24cm(pbk) |
| 942 ## - ADDED ENTRY ELEMENTS (KOHA) | |
| Source of classification or shelving scheme | Dewey Decimal Classification |
| Item type | English Books |
| Call number suffix | RUP |
| Classification part | 280.21 |
| Withdrawn status | Lost status | Not for loan | Collection code | Home library | Current library | Date acquired | Source of acquisition | Cost, normal purchase price | Full call number | Barcode | Copy number | Cost, replacement price | Koha item type |
|---|---|---|---|---|---|---|---|---|---|---|---|---|---|
| Non-fiction | Bawana | Bawana | 02/08/2017 | DBAD/PUB | 400.00 | 280.21 RUP | EN-103046 | 1 | 400.00 | English Books |
